Estadísticas para Top 10 Goleadores de Independiente Siglo XI

Haz click aquí para intentar la prueba.

Estadísticas generales

  • Esta prueba ha sido intentada 16 veces
  • La puntuación promedio es 8 de 10

Estadísticas de respuestas

GolesJugador% Correcto
44Andrés Silvera
93%
69Daniel Montenegro
93%
27Emanuel Gigliotti
93%
28Silvio Romero
93%
42Germán Denis
86%
33Facundo Parra
71%
27Federico Insúa
64%
38Diego Forlan
57%
31Martín Benítez
57%
24Leonel Nuñez
50%

Distribución de puntuación

Porcentaje por número respondido

Porcentaje de gente con cada puntuación

Historial de tus puntuaciones

No has intentado esta prueba.